| 000 -LEADER |
| fixed length control field |
00799nam a22001697a 4500 |
| 005 - DATE AND TIME OF LATEST TRANSACTION |
| control field |
20221006110137.0 |
| 008 - FIXED-LENGTH DATA ELEMENTS--GENERAL INFORMATION |
| fixed length control field |
221006s2018 rus||||| |||| 00| 0 ru d |
| 020 ## - INTERNATIONAL STANDARD BOOK NUMBER |
| International Standard Book Number |
9785534064537 |
| 080 ## - UNIVERSAL DECIMAL CLASSIFICATION NUMBER |
| Universal Decimal Classification number |
341(075.8) П-68 |
| 245 ## - TITLE STATEMENT |
| Title |
Право европейского союза : |
| Remainder of title |
Часть 2. Учебник и практикум для бакалавриата и магистратуры |
| Statement of responsibility, etc. |
Под ред. А. Х. Абашидзе., А.О. Иншаковой. |
| 264 ## - PRODUCTION, PUBLICATION, DISTRIBUTION, MANUFACTURE, AND COPYRIGHT NOTICE |
| Place of production, publication, distribution, manufacture |
Москва : |
| Name of producer, publisher, distributor, manufacturer |
Юрайт, |
| Date of production, publication, distribution, manufacture, or copyright notice |
2018. |
| 300 ## - PHYSICAL DESCRIPTION |
| Extent |
293 стр. |
| Other physical details |
24 см. |
| 653 ## - INDEX TERM--UNCONTROLLED |
| keyword |
ევროკავშირის სამართალი |
| 700 ## - ADDED ENTRY--PERSONAL NAME |
| Personal name |
Абашидзе, А. Х. |
| Relator term |
რედაქტორი |
| 9 (RLIN) |
15078 |
| 700 ## - ADDED ENTRY--PERSONAL NAME |
| Personal name |
Иншакова, А.О. |
| Relator term |
რედაქტორი |
| 9 (RLIN) |
15079 |
| 942 ## - ADDED ENTRY ELEMENTS (KOHA) |
| Source of classification or shelving scheme |
|
| Koha item type |
წიგნი |